[Event "5th Cesme Open 2017"]
[Site "Cesme"]
[Date "2017.06.13"]
[Round "2"]
[White "Koca, Emirhan"]
[Black "Daloglu, Berkay"]
[Result "0-1"]
[WhiteElo "1566"]
[BlackElo "1659"]
[Annotator "NA RC"]
[PlyCount "90"]
[EventType "swiss"]
[EventCountry "TUR"]
[SourceTitle "playchess.com"]
[Source "ChessBase"]
[SourceQuality "1"]
[TimeControl "5400+30"]

1. e4 {[%emt 0:00:30]} c5 {[%emt 0:01:00]} 2. Nf3 {[%emt 0:00:30]} g6 {[%emt 0:00:30]} 3. Nc3 {[%emt 0:01:30]} Bg7 {[%emt 0:00:30]} 4. d4 {[%emt 0:00:00]} cxd4 {[%emt 0:00:00]} 5. Nxd4 {[%emt 0:00:00]} Nc6 {[%emt 0:00:00]} 6. Be3 {[%emt 0:00:00]} Nf6 {[%emt 0:00:30]} 7. Be2 {[%emt 0:00:00]} O-O {[%emt 0:04:30]} 8. Nb3 {[%emt 0:06:30]} d6 {[%emt 0:03:30]} 9. f3 {[%emt 0:01:30]} Bd7 {[%emt 0:04:30]} 10. Qd2 {[%emt 0:00:30]} Re8 {[%emt 0:13:30]} 11. g4 {[%emt 0:01:30]} Ne5 {[%emt 0:20:30]} 12. O-O-O {[%emt 0:14:30]} Be6 {[%emt 0:09:30]} 13. g5 {[%emt 0:08:30]} Nfd7 {[%emt 0:01:30]} 14. f4 {[%emt 0:09:30]} Nc4 {[%emt 0:01:30]} 15. Bxc4 {[%emt 0:00:30]} Bxc4 {[%emt 0:00:30]} 16. Bd4 {[%emt 0:00:30]} f6 {[%emt 0:23:15]} 17. h4 {[%emt 0:03:30]} Bf7 {[%emt 0:00:39]} 18. f5 {[%emt 0:03:30]} Ne5 {[%emt 0:01:46]} 19. Bxe5 {[%emt 0:04:30]} dxe5 {[%emt 0:01:03]} 20. Qg2 {[%emt 0:02:30]} Qb6 {[%emt 0:00:52]} 21. Qg1 {[%emt 0:09:30]} Qxg1 {[%emt 0:00:56]} 22. Rdxg1 {[%emt 0:00:30]} Red8 {[%emt 0:01:04]} 23. Rg2 {[%emt 0:02:30]} Rd6 {[%emt 0:03:51]} 24. Nc5 {[%emt 0:07:30]} b6 {[%emt 0:00:49]} 25. Nd3 {[%emt 0:00:30]} Rc8 {[%emt 0:00:48]} 26. h5 {[%emt 0:02:43]} fxg5 {[%emt 0:01:29]} 27. hxg6 {[%emt 0:00:17]} hxg6 {[%emt 0:00:14]} 28. Rxg5 {[%emt 0:00:46]} Kf8 {[%emt 0:03:28]} 29. fxg6 {[%emt 0:01:03]} Rxg6 {[%emt 0:00:54]} 30. Rf5 {[%emt 0:01:05]} e6 {[%emt 0:01:01]} 31. Rf3 {[%emt 0:01:15]} Ke7 {[%emt 0:00:48]} 32. Rhf1 {[%emt 0:03:42]} Bg8 {[%emt 0:00:55]} 33. Kd1 {[%emt 0:03:57]} Rf6 {[%emt 0:00:34]} 34. Kd2 {[%emt 0:02:56]} Rxf3 {[%emt 0:00:30]} 35. Rxf3 {[%emt 0:00:01]} Bf6 {[%emt 0:00:22]} 36. Ne2 {[%emt 0:00:57]} Bf7 {[%emt 0:00:22]} 37. Nc3 {[%emt 0:01:22]} Rh8 {[%emt 0:00:43]} 38. Nb5 {[%emt 0:02:15]} a6 {[%emt 0:00:24]} 39. Na3 {[%emt 0:00:44]} b5 {[%emt 0:00:17]} 40. Nc5 {[%emt 0:01:30]} b4 {[%emt 0:00:40]} 41. Nxa6 {[%emt 0:04:44]} bxa3 {[%emt 0:00:13]} 42. Rxa3 {[%emt 0:00:03]} Rh2+ {[%emt 0:00:53]} 43. Kc3 {[%emt 0:01:01]} Be8 {[%emt 0:00:29]} 44. Nc5 {[%emt 0:00:29]} Rh3+ {[%emt 0:00:33]} 45. Nd3 {[%emt 0:00:21]} Bc6 {[%emt 0:00:18]} 0-1

[Event "5th Cesme Open 2017"]
[Site "Cesme"]
[Date "2017.06.13"]
[Round "2"]
[White "Acikgoz, Onder"]
[Black "Ozcan, Kaan"]
[Result "1/2-1/2"]
[WhiteElo "1489"]
[BlackElo "1646"]
[Annotator "NA RC"]
[PlyCount "116"]
[EventType "swiss"]
[EventCountry "TUR"]
[SourceTitle "playchess.com"]
[Source "ChessBase"]
[SourceQuality "1"]
[TimeControl "5400+30"]

1. e4 {[%emt 0:00:30]} d5 {[%emt 0:01:00]} 2. exd5 {[%emt 0:00:30]} Qxd5 {[%emt 0:00:30]} 3. d4 {[%emt 0:01:30]} Nf6 {[%emt 0:01:30]} 4. Nf3 {[%emt 0:00:30]} Bg4 {[%emt 0:04:30]} 5. Be2 {[%emt 0:00:30]} c6 {[%emt 0:01:30]} 6. c4 {[%emt 0:02:30]} Qd8 {[%emt 0:02:30]} 7. Qb3 {[%emt 0:02:30]} Qb6 {[%emt 0:10:30]} 8. Nc3 {[%emt 0:03:30]} e6 {[%emt 0:09:30]} 9. Bf4 {[%emt 0:01:30]} Nbd7 {[%emt 0:06:30]} 10. O-O {[%emt 0:05:30]} Be7 {[%emt 0:06:30]} 11. Rfd1 {[%emt 0:07:30]} O-O {[%emt 0:25:30]} 12. h3 {[%emt 0:03:30]} Bh5 {[%emt 0:06:41]} 13. Qc2 {[%emt 0:04:30]} Bg6 {[%emt 0:03:03]} 14. Bd3 {[%emt 0:00:30]} c5 {[%emt 0:10:20]} 15. Bxg6 {[%emt 0:04:30]} hxg6 {[%emt 0:00:10]} 16. d5 {[%emt 0:04:30]} exd5 {[%emt 0:01:52]} 17. cxd5 {[%emt 0:00:30]} Bd6 {[%emt 0:01:58]} 18. Bxd6 {[%emt 0:07:30]} Qxd6 {[%emt 0:00:04]} 19. Nd2 {[%emt 0:01:30]} Nb6 {[%emt 0:02:16]} 20. Nde4 {[%emt 0:01:30]} Qc7 {[%emt 0:02:15]} 21. Nxf6+ {[%emt 0:05:30]} gxf6 {[%emt 0:00:01]} 22. Ne4 {[%emt 0:00:00]} Qf4 {[%emt 0:01:28]} 23. Rac1 {[%emt 0:06:00]} c4 {[%emt 0:00:45]} 24. g3 {[%emt 0:10:30]} Qf5 {[%emt 0:00:33]} 25. Kg2 {[%emt 0:00:30]} Rfd8 {[%emt 0:00:24]} 26. Nc3 {[%emt 0:03:30]} Qxc2 {[%emt 0:00:09]} 27. Rxc2 {[%emt 0:00:00]} Rac8 {[%emt 0:00:12]} 28. Rcd2 {[%emt 0:01:00]} f5 {[%emt 0:00:32]} 29. d6 {[%emt 0:00:00]} a6 {[%emt 0:00:57]} 30. a4 {[%emt 0:01:00]} Rc6 {[%emt 0:00:43]} 31. Kf3 {[%emt 0:02:30]} Nc8 {[%emt 0:00:38]} 32. d7 {[%emt 0:00:00]} Ne7 {[%emt 0:00:11]} 33. a5 {[%emt 0:01:25]} Kf8 {[%emt 0:00:31]} 34. Na4 {[%emt 0:00:27]} Kg7 {[%emt 0:00:37]} 35. Nb6 {[%emt 0:00:10]} c3 {[%emt 0:00:24]} 36. bxc3 {[%emt 0:00:48]} Rxc3+ {[%emt 0:00:14]} 37. Rd3 {[%emt 0:00:27]} Rxd3+ {[%emt 0:00:25]} 38. Rxd3 {[%emt 0:00:13]} Nc6 {[%emt 0:00:56]} 39. Rd5 {[%emt 0:01:08]} Kf6 {[%emt 0:00:36]} 40. Ke3 {[%emt 0:02:04]} Ke6 {[%emt 0:00:09]} 41. Rc5 {[%emt 0:00:47]} f6 {[%emt 0:00:57]} 42. f3 {[%emt 0:00:29]} Ke7 {[%emt 0:00:32]} 43. g4 {[%emt 0:01:07]} fxg4 {[%emt 0:00:11]} 44. fxg4 {[%emt 0:00:19]} g5 {[%emt 0:00:32]} 45. Ke4 {[%emt 0:00:47]} Ne5 {[%emt 0:00:43]} 46. Rc7 {[%emt 0:00:25]} Nc6 {[%emt 0:00:35]} 47. Kd5 {[%emt 0:02:42]} Nxa5 {[%emt 0:00:27]} 48. Nc8+ {[%emt 0:00:44]} Kf7 {[%emt 0:00:26]} 49. Nd6+ {[%emt 0:00:48]} Ke7 {[%emt 0:00:12]} 50. Nf5+ {[%emt 0:01:39]} Kf7 {[%emt 0:00:07]} 51. Kd6 {[%emt 0:00:55]} Nc6 {[%emt 0:00:55]} 52. Rxb7 {[%emt 0:00:11]} Ne5 {[%emt 0:00:15]} 53. Rc7 {[%emt 0:00:46]} a5 {[%emt 0:00:11]} 54. Nd4 {[%emt 0:00:07]} a4 {[%emt 0:00:57]} 55. Nc6 {[%emt 0:02:54]} Rxd7+ {[%emt 0:00:10]} 56. Rxd7+ {[%emt 0:00:15]} Nxd7 {[%emt 0:00:03]} 57. Kxd7 {[%emt 0:00:18]} a3 {[%emt 0:00:22]} 58. Nb4 {[%emt 0:00:03]} f5 {[%emt 0:00:23]} 1/2-1/2

[Event "5th Cesme Open 2017"]
[Site "Cesme"]
[Date "2017.06.13"]
[Round "3.1"]
[White "Arat, Ufuk Sezen"]
[Black "Baklan, Vladimir"]
[Result "1/2-1/2"]
[WhiteElo "2398"]
[BlackElo "2606"]
[Annotator "TA"]
[PlyCount "68"]
[EventType "swiss"]
[EventCountry "TUR"]
[SourceTitle "playchess.com"]
[Source "ChessBase"]
[SourceQuality "1"]

{[%evp 9,68,4,31,24,57,22,24,24,37,42,77,48,64,52,59,35,41,0,0,0,0,0,0,0,0,0,0,-10,-8,-13,-13,-20,-16,-22,-23,-23,-24,-24,-24,-23,-22,-25,-22,-21,0,-23,0,-23,-23,-29,-24,-34,-24,-17,-14,-25,-19,-26,0,0,0]} 1. d4 Nf6 2. Nf3 g6 3. Nbd2 d5 4. e3 Bg7 5. b4 Ne4 {[#] Strongly threatening ...Nc3.} (5... O-O 6. Bb2 Bf5 7. Be2 Nbd7 8. O-O c6 9. a4 Ne4 10. c4 Re8 11. cxd5 cxd5 12. Nxe4 Bxe4 13. Qb3 {1-0 (32) So,W (2808)-Vachier Lagrave,M (2796) chess.com INT 2017}) 6. c4 {D02: 1 d4 d5 2 Nf3 sidelines, including 2...Nf6 3 g3 and 2...Nf6 3 Bf4} Nxd2 7. Qxd2 Bg4 $146 ({Predecessor:} 7... O-O 8. Bb2 Bf5 9. Be2 c6 10. O-O Nd7 11. Rac1 Rc8 12. cxd5 cxd5 13. Rxc8 Qxc8 {0-1 (53) Salzmann,P-Franz,T Germany 1995}) 8. Ne5 {White has an edge.} Bxe5 9. dxe5 dxc4 10. Bxc4 Nc6 11. Bb5 Qd7 12. f3 O-O-O 13. Qxd7+ (13. a4 {with more complications.} Bf5 14. Qxd7+ Bxd7 15. Bxc6 Bxc6 16. Kf2) 13... Bxd7 14. Bb2 Rhg8 15. Bxc6 Bxc6 16. Bd4 Ba4 17. Kf2 b6 18. Rhc1 Kb7 19. Rc3 Rd5 20. Ra3 Bd7 21. Rb3 a5 {[#] Threatens to win with ...axb4.} 22. a3 Ra8 23. Rc1 axb4 24. axb4 Ra2+ 25. Kg3 Ba4 26. Rbb1 Rb5 27. Bc3 Rd5 (27... Bc2 $5 {[%cal Rc2b1]} 28. Rb2 Rxb2 29. Bxb2 Ba4 $11) 28. Bd4 Bb5 29. Ra1 Rxa1 30. Rxa1 c5 31. bxc5 bxc5 32. Bb2 $1 Rd3 33. Rc1 Kc6 34. Bd4 c4 {Precision: White = 56%, Black = 55%.} 1/2-1/2

[Event "5th Cesme Open 2017"]
[Site "Cesme"]
[Date "2017.06.13"]
[Round "3.2"]
[White "Solodovnichenko, Yuri"]
[Black "Yildiz, Betul Cemre"]
[Result "1-0"]
[WhiteElo "2583"]
[BlackElo "2350"]
[Annotator "TA"]
[PlyCount "83"]
[EventType "swiss"]
[EventCountry "TUR"]
[SourceTitle "playchess.com"]
[Source "ChessBase"]
[SourceQuality "1"]

{[%evp 32,83,16,20,21,22,7,31,52,-15,-45,-43,25,30,37,27,34,41,20,20,34,7,3,0,0,0,0,0,0,0,58,29,27,6,29,29,213,200,281,215,295,306,295,146,423,426,768,767,693,464,29995,29996,29997,29998]} 1. e4 e5 2. Nf3 Nc6 3. Bb5 a6 4. Ba4 Nf6 5. O-O Be7 6. Re1 b5 7. Bb3 d6 8. c3 O-O 9. h3 Nb8 10. d4 Nbd7 11. Nbd2 Bb7 12. Bc2 Re8 13. a4 Bf8 14. Bd3 c6 15. Qc2 g6 16. b3 Bg7 {C95: Closed Ruy Lopez: Breyer Variation with 10 d4} 17. Bb2 {LiveBook: 46 Games} Rc8 18. axb5 cxb5 {The position is equal.} 19. d5 {[#]} Nc5 $146 ({Predecessor:} 19... Nh5 20. Bf1 Qb6 21. b4 Ng3 22. Bd3 Rf8 23. Nf1 Nxf1 24. Rxf1 {½-½ (31) Akopian,V (2691)-Tomashevsky,E (2701) Plovdiv 2010}) 20. b4 (20. Bf1 $1 $14) 20... Nxd3 $11 21. Qxd3 Nd7 (21... Nh5 $15) 22. c4 Qb6 23. cxb5 Qxb5 24. Qxb5 axb5 25. Ra7 Rb8 26. Rc1 Rec8 27. Nb3 {And now Na5 would win.} Nb6 28. Na5 Ba8 $1 29. Rxc8+ Rxc8 30. Ng5 $36 {[%mdl 2048] White has the initiative.} Rf8 (30... f5 $11) 31. Ra6 Na4 32. Ba1 Rc8 33. Ra7 Bxd5 $2 (33... Nb6 $11) 34. exd5 $18 {Black must now prevent Nc6.} Rc1+ 35. Kh2 Rxa1 {[#]} 36. Nc6 $1 {[%cal Rc6e7] White wants to mate with Ne7+.} Bf8 {[#]} 37. Nd8 (37. Nxf7 Rf1 $11) (37. Ne4 $1 $18 {and the rest is easy.}) 37... Rd1 $2 {[%mdl 8192]} (37... Ra2 $16 {might work better.}) 38. Rxf7 {Intending Nge6 and mate.} h5 (38... Nb6 $142 39. Nge6 (39. Rxh7 Nxd5 40. Nde6 Nf4 $16) (39. Nxh7 Bg7 $16) 39... Bh6) 39. Ne4 {Nf6+ would kill now.} Bg7 40. Rb7 {Threatening mate with Ne6.} Rxd5 (40... Rd4 $18 41. f3 (41. Nxd6 Rxd5 42. Ne6 Rxd6 $18) 41... Rxe4) 41. Ne6 Bh8 42. N4g5 {Precision: White = 57%, Black = 31%.} 1-0

[Event "5th Cesme Open 2017"]
[Site "Cesme"]
[Date "2017.06.13"]
[Round "3.3"]
[White "Rzayev, Bahruz"]
[Black "Sumets, Andrey"]
[Result "0-1"]
[WhiteElo "2392"]
[BlackElo "2560"]
[Annotator "TA"]
[PlyCount "66"]
[EventType "swiss"]
[EventCountry "TUR"]
[SourceTitle "playchess.com"]
[Source "ChessBase"]
[SourceQuality "1"]

{[%evp 26,66,-21,-39,0,-106,-99,-107,-100,-108,-129,-113,-110,-154,-146,-151,-148,-193,-197,-298,-255,-275,-256,-266,-276,-254,-247,-265,-288,-463,-465,-455,-444,-426,-425,-960,-955,-1403,-1259,-6883,-7964,-29996,-29997]} 1. e4 e6 2. d4 d5 3. Nd2 Be7 4. Ngf3 Nf6 5. e5 Nfd7 6. Bd3 c5 7. c3 Nc6 8. O-O a5 9. Re1 cxd4 10. cxd4 Qb6 11. Qa4 {C06: French Tarrasch: 3...Nf6 4 e5 Nfd7 5 Bd3 main lines} (11. a4 Nxd4 12. Nxd4 Qxd4 13. Nf3 Qb6 14. Be3 Nc5 15. Bb5+ Bd7 16. Nd4 Bxb5 17. Nxb5 O-O 18. Qg4 Rfc8 {0-1 (33) Naroditsky,D (2631)-So,W (2779) ICC INT 2015}) 11... g5 12. h3 h5 13. g4 hxg4 14. hxg4 {LiveBook: 3 Games} Nf8 {[#]} 15. Nb3 $146 (15. Nf1 $11 {keeps the balance.}) ({Predecessor:} 15. Nf1 Bd7 16. Be3 Nb4 17. Qd1 Nxd3 18. Qxd3 {½-½ (65) Erenburg,S (2582)-Williams,S (2452) Hastings 2005}) 15... Bd7 $17 16. Bb5 {[#]} Nxe5 $1 {[%mdl 512]} 17. Bxd7+ (17. dxe5 Bxb5) 17... Nexd7 18. Bd2 Bb4 19. Rac1 {[#]} Bxd2 $1 20. Nbxd2 Qd6 ({Much weaker is} 20... Qxb2 $6 21. Rb1 $11) 21. Qb5 Qf4 22. Qxb7 (22. Kf1 {was called for.}) 22... Qxg4+ $19 23. Kf1 Rb8 24. Rc8+ Rxc8 25. Qxc8+ Ke7 {[%cal Be8e7,Be7f6,Bf6g5][%mdl 32]} 26. Qc7 Rh3 {Hoping for ...Ng6.} 27. Qxa5 $2 (27. Ng1 {might work better.} Rh1 28. Qg3 Qxd4 29. Qxg5+ f6 30. Qg7+ Kd8 31. Ndf3 Qxb2 32. Qg8) 27... Ng6 {Strongly threatening ...Nf4.} (27... Rxf3 $2 28. Nxf3 Qxf3 29. Qa3+ Qxa3 30. bxa3 $19) 28. Qa3+ Kf6 {( -> ...Nf4)} 29. Ke2 Qf5 {White must now prevent ...Qc2.} 30. Qd6 (30. Kd1 $142) 30... Qc2 31. Nxg5 Kxg5 32. Rg1+ Kf5 33. Rxg6 Qd3+ {Precision: White = 31%, Black = 90%.} 0-1

[Event "5th Cesme Open 2017"]
[Site "Cesme"]
[Date "2017.06.13"]
[Round "3.4"]
[White "Nevednichy, Vladislav"]
[Black "Guseynov, Alihan"]
[Result "1-0"]
[WhiteElo "2533"]
[BlackElo "2346"]
[Annotator "TA"]
[PlyCount "99"]
[EventType "swiss"]
[EventCountry "TUR"]
[SourceTitle "playchess.com"]
[Source "ChessBase"]
[SourceQuality "1"]

{[%evp 14,99,22,28,39,54,47,14,71,9,69,70,76,53,71,43,57,50,58,55,55,42,138,133,360,150,212,206,221,220,223,126,323,302,494,171,391,404,478,360,361,336,354,360,360,180,148,45,72,23,36,38,37,20,48,62,58,47,101,101,105,110,134,129,386,80,62,0,384,388,388,379,368,325,551,517,434,429,951,936,1083,1040,922,802,29980,29981,29981,29981]} 1. e4 g6 2. d4 Bg7 3. Nc3 c6 4. Bc4 d6 {[%cal Bd7d6,Bd6d5][%mdl 32]} 5. Qf3 e6 6. Nge2 b5 7. Bb3 a5 8. a3 {LiveBook: 69 Games. B06: Modern Defence} (8. a4 b4 9. Nd1 Ba6 10. c3 Nd7 11. Bf4 d5 12. cxb4 axb4 13. Ne3 Ngf6 14. Ng3 dxe4 15. Nxe4 Nxe4 16. Qxe4 {1-0 (45) Ehlvest,J (2547)-Novikov,S (2550) Jurmala 2015}) 8... d5 9. h4 h6 10. Bf4 {[%cal Re4d5] White is slightly better.} Nf6 11. g4 $146 (11. e5 $16 Nfd7 12. Qe3) ({Predecessor:} 11. Qe3 Ba6 12. f3 b4 13. Na4 bxa3 14. Rxa3 dxe4 15. fxe4 Bxe2 16. Kxe2 {0-1 (39) Wiley,T (2274)-Petran,P (2395) Frydek Mistek 2004}) 11... Nxe4 (11... Ba6 $11) 12. Nxe4 $14 dxe4 13. Qxe4 Bb7 14. Rh3 Qe7 15. Be5 $36 {[%mdl 2048] White fights for an advantage.} O-O 16. Bxg7 Kxg7 17. Qe5+ Qf6 (17... Kh7 $1 $14) 18. Qc7 $16 Ba6 $2 (18... Bc8 $16) 19. O-O-O (19. Qxa5 c5 $14) (19. g5 $1 $18 {[%cal Rg5f6]} hxg5 20. hxg5 Qxg5 21. Bxe6) 19... Rc8 (19... a4 $16 {was worth a try.}) 20. Qg3 $1 $18 ({Not} 20. Qxa5 Qxf2 21. Qe1 Qxe1 $11) 20... Qe7 21. g5 h5 22. Nf4 (22. Qe5+ $18 Kh7 23. Nf4) 22... c5 $2 (22... Nd7 $16) 23. Bxe6 fxe6 $2 (23... Rd8 24. Bd5 Ra7) 24. Qd3 $2 (24. Re1) 24... Qf7 $2 (24... Qe8 {might work better.}) 25. Rf3 Ra7 {intending ...Qe8.} 26. dxc5 Qe8 27. Qc3+ e5 28. Rd6 Rc6 29. Re3 (29. Ne6+ $142 Qxe6 30. Rxe6 Rxe6 31. Rf6 Rxf6 32. gxf6+ Kxf6 33. c6) 29... b4 ({Don't capture} 29... Rxd6 $2 30. Rxe5 Qf7 31. Re7+ Kg8 32. Rxf7 $18) 30. axb4 ({Resist} 30. Qxe5+ $6 Qxe5 31. Rxe5 bxa3 $14) (30. Rxe5 $16 {White threatens Re7+ and mate.} bxc3 31. Rxe8 cxb2+ 32. Kxb2 Rb7+ 33. Kc1 Rxd6 34. cxd6) 30... axb4 $14 31. Qxe5+ (31. Qd4 $5 {[%cal Re3e5]} Re7 32. Qe4 $14) 31... Qxe5 32. Rxe5 {Strongly threatening Ree6.} Rxd6 33. cxd6 {Threatens to win with Re6.} Bc4 34. Re4 Bf7 35. Rxb4 Nc6 {[#]} (35... Nd7 $1 $14) 36. Rb6 $1 $16 {[%cal Rb6c6]} Ne5 37. b3 Ra1+ 38. Kd2 Rf1 $2 {[%mdl 8192] [#]} (38... Nf3+ $16 {was necessary.} 39. Ke3 Nxh4) 39. Ke2 $2 (39. Nd3 $1 $18 {[%cal Rd3e5] is the precise move to win.} Nxd3 40. Kxd3) 39... Rc1 40. Kd2 $2 {[%mdl 8192]} (40. c4 $14 Rc2+ 41. Kf1) 40... Rf1 $18 41. Nd3 Nxd3 42. Kxd3 {[%mdl 4096] Endgame KRB-KR} Be6 43. c4 {[%cal Bc2c4,Bc4c5,Bc5c6][%mdl 32]} Rxf2 $2 (43... Rh1 {was called for.} 44. c5 Bf5+ 45. Kc3 Rh3+ 46. f3 Rxf3+ 47. Kc4 Rd3) 44. Rb7+ Kf8 45. c5 Rf3+ (45... Bf5+ $142 46. Ke3 Rc2) 46. Kd4 Rf1 47. c6 Rd1+ 48. Ke5 Re1+ 49. Kf6 Bc8 50. d7 {Precision: White = 47%, Black = 39%.} 1-0

[Event "5th Cesme Open 2017"]
[Site "Cesme"]
[Date "2017.06.13"]
[Round "3.5"]
[White "Rahmanov, Shahriyar"]
[Black "Benidze, Davit"]
[Result "1/2-1/2"]
[WhiteElo "2353"]
[BlackElo "2525"]
[Annotator "TA"]
[PlyCount "73"]
[EventType "swiss"]
[EventCountry "TUR"]
[SourceTitle "playchess.com"]
[Source "ChessBase"]
[SourceQuality "1"]

{[%evp 20,73,37,35,27,29,37,-40,-31,-45,-35,-21,-45,-39,-30,-41,-21,-17,-27,-18,-20,-20,-8,-20,12,-38,-12,-12,36,34,37,33,33,7,63,16,18,43,127,117,117,118,117,121,125,7,38,0,96,0,37,0,102,0,34,0]} 1. d4 Nf6 2. c4 c5 3. d5 e6 4. Nc3 exd5 5. cxd5 d6 6. e4 g6 7. Nf3 Bg7 8. h3 O-O 9. Be2 Re8 10. Nd2 Na6 11. O-O Nc7 {E91: King's Indian: Classical: 6 Be2, unusual replies including 6...c5 and 6...Bg4} 12. a4 Rb8 (12... b6 13. Qc2 Rb8 14. Rb1 Nfxd5 15. exd5 Bxc3 16. Qxc3 Rxe2 17. Nc4 Re4 18. Ne3 Rxa4 19. b4 cxb4 20. Rxb4 Rxb4 21. Qxb4 {½-½ (35) Hammer,J (2601)-Antoniewski,R (2585) Germany 2011}) 13. f4 ({White should try} 13. Re1 $14) 13... a6 $15 {Black is slightly better.} 14. a5 Bd7 15. Bf3 Bb5 16. Re1 Nd7 $146 ({Predecessor:} 16... Bd3 17. Re3 c4 18. Rxd3 cxd3 19. Nc4 Nb5 20. Qxd3 Nd7 21. Na4 {0-1 (40) Yanayt,E (2228)-Sevillano,E (2464) Orange 2015}) 17. Nf1 Bxf1 (17... b6 {is more complex.} 18. axb6 Nxb6 19. Kh2 Bd7 20. Ra2 Nb5) 18. Kxf1 b5 19. axb6 $1 Rxb6 20. Ra2 Rb4 21. Qc2 Qb8 22. g3 Nb5 23. Nxb5 $1 Qxb5+ 24. Be2 $1 {[%cal Re2b5]} Qb8 25. Bxa6 h5 26. Bd2 $36 {[%mdl 2048] White is pushing.} Rb6 (26... Rxb2 $11 27. Rxb2 Bxb2) 27. Bc3 Bxc3 28. bxc3 Nf6 (28... c4 $14) 29. Bc4 $16 Rb7 30. Qd3 Rb2 31. Rxb2 Qxb2 32. Re2 ({White should play} 32. Kg1 $16) 32... Qc1+ 33. Re1 (33. Kg2 $14 Ra8 34. Qe3) 33... Qb2 34. Re2 (34. Kg1 $16) 34... Qc1+ $14 35. Re1 ({Better is} 35. Kg2 $14 Ra8 36. Qe3) 35... Qb2 $16 36. Re2 (36. Kg1 $16) 36... Qc1+ $14 37. Re1 {Precision: White = 42%, Black = 43%.} (37. Kg2 $5 {[%cal Re4e5]} Ra8 38. Qe3 $16) 1/2-1/2

[Event "5th Cesme Open 2017"]
[Site "Cesme"]
[Date "2017.06.13"]
[Round "3.6"]
[White "Malakhatko, Vadim"]
[Black "Lomsadze, Davit"]
[Result "1/2-1/2"]
[WhiteElo "2518"]
[BlackElo "2341"]
[Annotator "TA"]
[PlyCount "114"]
[EventType "swiss"]
[EventCountry "TUR"]
[SourceTitle "playchess.com"]
[Source "ChessBase"]
[SourceQuality "1"]

{[%evp 9,114,41,35,17,18,18,21,17,24,12,26,16,11,16,7,0,0,-12,79,83,76,79,72,71,117,112,104,125,211,217,227,220,224,232,225,117,125,102,102,102,102,95,110,85,110,102,102,102,102,106,176,72,76,88,85,58,60,53,52,53,59,0,0,0,6435,1493,1022,866,986,846,1241,0,0,0,0,0,0,0,-2,-41,-5,-7,0,0,0,0,0,0,0,0,0,0,0,0,0,0,0,0,0,0,0,0,0,0,0,0,0]} 1. d4 Nf6 2. Nf3 b5 3. Bg5 Bb7 4. Nbd2 a6 5. Bxf6 (5. c3 e6 6. e4 h6 7. Bxf6 Qxf6 8. Bd3 c5 9. a4 cxd4 10. cxd4 Nc6 11. axb5 axb5 12. Rxa8+ Bxa8 13. Bxb5 {1-0 (32) Wang,Y (2732)-Ponkratov,P (2592) Zuerich 2010}) 5... exf6 6. e3 {A46: 1 d4 Nf6 2 Nf3 e6: Torre, London and Colle Systems} d5 7. a4 b4 8. Nb3 a5 $146 ({Predecessor:} 8... Bd6 9. g3 a5 10. Bg2 O-O 11. O-O Nd7 12. Ne1 {1-0 (39) Le,Q (2326)-Karasik,E (2239) Budapest 2005}) 9. Bd3 Bd6 10. O-O g6 11. c3 $36 {[%mdl 2048] White has some pressure.} O-O 12. Qc2 Nd7 13. Rfc1 Qe7 (13... bxc3 $11 14. bxc3 Nb6) 14. cxb4 $16 axb4 15. a5 {a6 is the strong threat.} Ba6 16. Ne1 f5 17. Qc6 Bxd3 18. Nxd3 Nf6 (18... Qe6 $16 19. g3 Rfb8) 19. Nbc5 $18 Ra7 20. Nb7 Rb8 21. Nxd6 cxd6 22. Nf4 (22. a6 $18) 22... Qd8 $16 23. Nxd5 Nxd5 24. Qxd5 Rba8 {[%cal Ra7a5]} 25. g3 Kg7 26. h4 h5 27. Qc6 Rxa5 28. Rxa5 Rxa5 {[%mdl 4096] Endgame KQR-KQR} 29. Qb7 Ra4 (29... Qe8 $16) 30. Kg2 (30. Rc8 $1 $18 {[%cal Rc8d8] is more deadly.} Qf6 31. Qd7) 30... Qe8 31. Rc7 $1 Qe6 32. Re7 Qf6 $1 33. Re8 f4 $1 34. exf4 Qxd4 35. Qe7 (35. f5 $1 $14 Ra5 36. fxg6) 35... Qd5+ $11 36. f3 (36. Qe4 $5 {[%cal Re4d5]} Qd1 37. Qe7 Qd5+ 38. Qe4 $11) 36... Ra5 $2 {[%mdl 8192] [#]} (36... Ra1 $11 37. Qf8+ Kf6 38. Qe7+ Kg7 39. Qf8+ Kf6 40. Qe7+ Kg7) 37. Qf8+ (37. f5 $142 $1 {[%mdl 512]} Qe5 (37... Qxf5 38. Qf8+) 38. Qf8+ Kf6 39. Rxe5 Rxe5 40. Qxd6+ Kxf5 {[#]} 41. g4+ $1 {[%mdl 512]} hxg4 42. fxg4+ Ke4 43. Qxb4+ Kd5 44. Qb3+ Kd4 45. Qxf7) 37... Kf6 $18 38. Qh8+ Kf5 39. Re2 {Qd8 would kill now.} Qc4 40. Rf2 $2 (40. Re1 $18 {White threatens Qd8 and mate.} Qd5 41. Qd8 Qd2+ 42. Kf1 Qxe1+ 43. Kxe1 Ra1+ 44. Kf2) 40... Rc5 $11 41. Qd8 Ke6 $1 42. Kh3 Rc8 43. Qg5 Qd3 44. Qa5 b3 45. Qe1+ {The position is equal.} Kf6 46. Qd2 Qxd2 47. Rxd2 {KR-KR} Rc2 48. Rxd6+ Ke7 49. Rb6 $1 {[%cal Rb6b3]} Rxb2 {aiming for ...Rb1.} 50. g4 Rb1 {Threatens to win with ...f5.} 51. f5 Kd7 {Strongly threatening ...Kc7.} 52. fxg6 fxg6 53. gxh5 gxh5 54. f4 {[%cal Bf3f4,Bf4f5,Bf5f6][%mdl 32]} Kc7 55. Rb4 Kc6 56. f5 Kd5 57. f6 Ke5 {Precision: White = 60%, Black = 59%.} (57... b2 $5 {[%cal Rb1h1]} 58. f7 Rf1 $11) 1/2-1/2